Statistics for Named Railway Services in UK

Click here to take the quiz!

General Stats

  • This quiz has been taken 57 times
  • The average score is 9 of 17

Answer Stats

NameOriginDestination% Correct
East AnglianLondon Liverpool StreetNorwich
85%
BristolianLondon PaddingtonBristol Temple Meads
77%
Highland ChieftainLondon King's CrossInverness
77%
Cornish Riviera ExpressLondon PaddingtonPenzance
73%
Cheltenham Spa ExpressLondon PaddingtonCheltenham Spa
71%
Robin HoodLondon St PancrasNottingham
71%
Flying ScotsmanLondon King's CrossEdinburgh Waverley
65%
Northern LightsLondon King's CrossAberdeen
52%
Atlantic Coast ExpressLondon PaddingtonNewquay
48%
Master CutlerSheffieldLondon St Pancras
44%
EnterpriseBelfast CentralDublin Connolly
38%
Premier ServiceCardiff CentralHolyhead
38%
ArmadaLondon PaddingtonPlymouth
35%
Capitals UnitedLondon PaddingtonSwansea
35%
Devon ExpressLondon PaddingtonPaignton
29%
Cathedrals ExpressLondon PaddingtonHereford
23%
The Olympic JavelinLondon St PancrasAshford International
21%

Score Distribution

Percentile by Number Answered

Percent of People with Each Score

Your Score History

You have not taken this quiz